| 000 | 00806cam a2200253 4500 | ||
|---|---|---|---|
| 001 | 35612 | ||
| 003 | BD-RjUL | ||
| 005 | 20211209052342.0 | ||
| 008 | 140528s1974 maua b 000 0 eng | ||
| 020 | _a0669936588 | ||
| 035 | _a(BD-RjUL)35707 | ||
| 040 |
_aDLC _cDLC _dBD-RjUL _beng |
||
| 041 | _aeng | ||
| 082 | 0 | 0 |
_a307.120746 _bNEW 1974 |
| 245 | 0 | 4 |
_aThe New Haven laboratory ; _ba test-bed for planning / _cDavid Birch [and others] |
| 260 |
_aLexington, Mass : _bLexington Books ; _c1974 |
||
| 300 |
_axxiii, 440 p. : _billus. ; _c24 cm. |
||
| 504 | _aIncludes bibliographies. | ||
| 650 | 0 |
_aRegional planning _zConnecticut _zNew Haven metropolitan area _xMathematical models. _9108438 |
|
| 700 | 1 |
_aBirch, David L. _9108439 |
|
| 942 |
_2ddc _cBK |
||
| 999 |
_c35612 _d35612 |
||